Normal view
MARC view
- SOC
Entry Personal Name
001 - CONTROL NUMBER
- control field: 15122
003 - CONTROL NUMBER IDENTIFIER
- control field: NUST
005 - DATE AND TIME OF LATEST TRANSACTION
- control field: 20190620045356.0
008 - FIXED-LENGTH DATA ELEMENTS
- fixed length control field: 190620|| aca||aabn | a|a d
040 ## - CATALOGING SOURCE
- Original cataloging agency: NUST
- Transcribing agency: NUST
100 ## - HEADING--PERSONAL NAME
- Personal name: SOC
670 ## - SOURCE DATA FOUND
- Source citation: Work cat.: (NUST): SOC, The foundations of social democracy /, 2011.
